00717 a2200193 4500020001500000082001000015090001300025100002100038245005100059250006900110260005500179300003400234500002000268650002200288700002600310942001800336999001500354952015400369 a013841305300a512.5 c460d4601 aKolman, Bernard,10aIntroductory linear algebra with applications. a6th ed. /bBernard Kolman, with the assistance of David R. Hill. aUpper Saddle River, N.J. :bPrentice Hall,cc1997. axvii, 608, 70, 8 p. ;c24 cm. aIncludes index. 0aAlgebras, Linear.1 aHill, David R.d1943- cBKk512.5 KOL c4446d4446 001040708NFICaCLbCLcGENd2001-05-11eLink, Rawalpindig104.50l4m2o512.5 KOLpSEECS000838q2021-06-23r2021-02-23s2021-02-23w2017-01-05yBK